000 00511nam a2200205Ia 4500
003 GCL
005 20240530100616.0
008 140319s9999 xx 000 0 eng d
040 _aGCL /
_cGCL
082 0 4 _a759
_bB G
100 1 _aBARCHAM, WILLIAM L.
245 1 0 _aGIAMBATTISTA TIEPOLO /
_cBARCHAM WILLIAM L.
260 _a[S.N] :
_bTHAMES AND HUDSON ،
_c1992
300 _a128 PP
650 0 4 _aARTS
650 0 4 _aPAINTING
650 0 4 _aPAINTERS
650 0 4 _aTIEPOLO,GIAMBATTISTA
942 _2ddc
_cBK
999 _c18852
_d18852